| Поле | Инд. | ПП | Название | Значение |
|---|---|---|---|---|
| Тип записи | a | |||
| Библиографический уровень | b | |||
| 001 | Контрольный номер | RU/IS/BASE/103297914 | ||
| 005 | Дата корректировки | 20200601191420.4 | ||
| 084 | a | Индекс другой классификации/Индекс ББК | 87.704; 87.703; 86.4; 60.563.05; 86.201 | |
| 100 | 1_ | a | Автор | Волков С. Н. |
| 245 | _1 | a | Заглавие | Эзотерика и ценностный мир молодого человека в современной России |
| 504 | a | Библиография | Библиогр. ссылки | |
| 520 | 0_ | a | Аннотация | В статье рассматриваются нравственные и духовные ценности молодежи, приобщенной к мистицизму. Ценностные ориентиры мистически настроенного человека могут подтолкнуть его к антисоциальным поступкам, сделать более агрессивным |
| 650 | 04 | a | Основная рубрика | индивидуальная этика |
| a | Основная рубрика | мистика | ||
| a | Основная рубрика | религиоведение | ||
| a | Основная рубрика | религия | ||
| a | Основная рубрика | социальная этика | ||
| a | Основная рубрика | социология; социология религии | ||
| a | Основная рубрика | философия | ||
| a | Основная рубрика | философия религии | ||
| a | Основная рубрика | философские науки | ||
| a | Основная рубрика | этика | ||
| 653 | 0_ | a | Ключевые слова | богоотступничество |
| a | Ключевые слова | вина | ||
| a | Ключевые слова | добро | ||
| a | Ключевые слова | духовная жизнь | ||
| a | Ключевые слова | духовная культура | ||
| a | Ключевые слова | зло | ||
| a | Ключевые слова | любовь | ||
| a | Ключевые слова | мировоззрение | ||
| a | Ключевые слова | мистицизм | ||
| a | Ключевые слова | мистическое мировоззрение | ||
| a | Ключевые слова | молодежь | ||
| a | Ключевые слова | ненависть | ||
| a | Ключевые слова | нравственность | ||
| a | Ключевые слова | нравственно-этические взгляды | ||
| a | Ключевые слова | нравственные категории | ||
| a | Ключевые слова | нравственные ценности | ||
| a | Ключевые слова | общество | ||
| a | Ключевые слова | оккультизм | ||
| a | Ключевые слова | российское общество | ||
| a | Ключевые слова | сатанизм | ||
| a | Ключевые слова | социальная философия | ||
| a | Ключевые слова | ценностные ориентации | ||
| a | Ключевые слова | чувство вины | ||
| a | Ключевые слова | эзотерика | ||
| a | Ключевые слова | эзотерическая личность | ||
| a | Ключевые слова | экзистенциальная философия | ||
| 773 | 18 | t | Заглавие источника | Социально-гуманитарные знания |
| d | Дата издания источника | 2003 | ||
| g | Прочая информация | № 1. - С. 296 - 306 | ||
| w | Контрольный № источника | RU/IS/BASE/101491030 | ||
| 901 | t | Тип документа | b |